Music Quiz

Random Music or Album Quiz

The Last Word: Album Tracks Quiz Stats

 Plays Quiz Updated Sep 25, 2017

Support Sporcle.
Go Orange.
Score 0/36 Timer 05:00
0 Plays Today
Hint Answer % Correct
ThrillerJean
95.5%
NevermindSpirit
93.1%
Sgt. Pepper's ...Diamonds
92.3%
RumoursWay
91.6%
NevermindAre
91.5%
American IdiotDreams
91.3%
Like a VirginGirl
91.1%
Hotel CaliforniaLane
90.6%
Sgt. Pepper's ...Four
89.7%
News of the WorldYou
86.3%
Hotel CaliforniaTown
82.4%
Born in the U.S.A.Dark
78.9%
Oops!... I Did It AgainSatisfaction
78.7%
Like a VirginOver
76.9%
Beggars BanquetDevil
76.9%
ThrillerMine
75.3%
Private DancerMe
74.9%
Like a VirginUp
70.8%
Hint Answer % Correct
Born in the U.S.A.Fire
68.4%
News of the WorldWings
68.1%
RumoursAgain
67.2%
Born in the U.S.A.Days
67%
News of the WorldChampions
62.1%
Hotel CaliforniaLove
59.2%
RumoursFun
55.8%
Beggars BanquetMan
49.8%
Sgt. Pepper's ...Hole
48.2%
ThrillerNature
44%
Private DancerRain
41%
American IdiotSuburbia
36.6%
Oops!... I Did It AgainMirror
33.5%
Beggars BanquetBlues
31.8%
Private DancerRespect
27.4%
NevermindAct
22.6%
Oops!... I Did It AgainDiary
20.1%
American IdiotRebel
14.3%

From the Vault

US States That Begin with Vowels

by WickyWachyJoo

Geography 60s
When applying for statehood, these US states probably didn't consider the quiz-worthiness of their names.
Remove Ads.
Support Sporcle.
Get the best of Sporcle when you Go Orange. This ad-free experience offers more features, more stats, and more fun while also helping to support Sporcle. Thank you for becoming a member.

Show Comments

Extras

Top Quizzes Today


Score Distribution

Your Account Isn't Verified!

In order to create a playlist on Sporcle, you need to verify the email address you used during registration. Go to your Sporcle Settings to finish the process.

Report this User

Report this user for behavior that violates our Community Guidelines.

Details: